La croissance démographique et ses effets - 5ème - Statistiques

Statistiques générales
  • Ce quiz a été pris 117 fois
  • Le résultat moyen est 4 sur 10
Statistiques - réponses
Question Réponse % Correct
Quelles sont les deux variables permettant de calculer l'accroissement naturel ? Taux de natalité et taux de mortalité.
89%
Même les pays riches ont des difficultés à réduire les inégalités. Vrai.
78%
Il y a plus de personnes agées en France que de jeunes de moins de 20 ans ? Vrai.
65%
Comment évolue la population des pays émergents actuellement et dans les années à venir. Forte augmentation.
56%
Quel pays est le plus peuplé au monde en 2024 ? Inde
48%
Par combien le Nigéria a t-il multiplié sa population entre 1950 et 2050 ? Par 11
31%
Quel problème n'est pas causé par la croissance démographique ? Inondation
22%
Quel pays fera son entrée parmis les 10 plus peuplés du monde en 2050 ? L'Ethiopie.
22%
Qu'est ce qu'un pays émergent ? Un pays pauvre avec de fortes inégalités.
20%
Comment évolue la population des pays développés actuellement et dans les années à venir. Baisse.
11%
Aucun quiz correspondant
Distribution des résultats
% des personnes avec chaque résultat
Percentile par nombre de réponses
Votre historique - résultats
Vous n’avez pas pris ce quiz